Every manager's guide to information technology : a glossary of key terms and concepts for today's business leader

Αποθηκεύτηκε σε:
Λεπτομέρειες βιβλιογραφικής εγγραφής
Κύριος συγγραφέας: Keen, Peter G.W
Μορφή: Βιβλίο
Γλώσσα:English
Δημοσίευση: Boston, Mass. : Harvard Business School Press, c1991
Θέματα:
Ετικέτες: Προσθήκη ετικέτας
Δεν υπάρχουν, Καταχωρήστε ετικέτα πρώτοι!

MARC

LEADER 00000cam a2200000 i 4500
001 1/29946
008 950728s1991 eng d
020 |a 0875843093 ((pb : alk. paper)) 
035 |l 10023314 
040 |a GR-MY-UA  |b gre  |e aacr 
041 0 |a eng 
082 0 |a 004.024658 
100 1 |a Keen, Peter G.W. 
245 1 0 |a Every manager's guide to information technology :  |b a glossary of key terms and concepts for today's business leader /  |c Peter G.W. Keen 
260 |a Boston, Mass. :   |b Harvard Business School Press,   |c c1991 
300 |a viii, 170 p.;  |c 23 cm 
500 |a Includes index 
650 0 0 |a Information technology  |x Dictionaries. 
852 |a INST  |b CHIOS  |e 19950728  |h 004.024658 KEE  |p 005200004024  |q 005200004024  |t BK  |y 0 
909 |a Χ  |b 032849